Social Statistics: (Record no. 183502)

MARC details
000 -LEADER
fixed length control field 00541 a2200169 4500
005 - DATE AND TIME OF LATEST TRANSACTION
control field 20211227130300.0
010 ## - LCCN (DPL NO)
LC control number ENG-130680
020 ## - INTERNATIONAL STANDARD BOOK NUMBER
International Standard Book Number 978-93-90022-35-9
Terms of availability 1195.00
035 ## - SYSTEM CONTROL NUMBER
System control number EN-114212
037 ## - SOURCE OF ACQUISITION
Source of stock number/acquisition DBAD/PUB
082 ## - DEWEY DECIMAL CLASSIFICATION NUMBER
Classification number 300.15195
245 ## - TITLE STATEMENT
Title Social Statistics:
Statement of responsibility, etc Edited by Ashmita Gupta
Remainder of title Manifestation of Growth
260 ## - PUBLICATION, DISTRIBUTION, ETC. (IMPRINT)
Place of publication, distribution, etc Delhi
Name of publisher, distributor, etc Primus Books
Date of publication, distribution, etc 2020
270 ## - ADDRESS
Address Virat Bhawan, Mukherjee Nagar, Commercial Complex
City Delhi
Postal code 110009
300 ## - PHYSICAL DESCRIPTION
Extent 268p.
Dimensions 25cm (hbk)
942 ## - ADDED ENTRY ELEMENTS (KOHA)
Institution code [OBSOLETE] dpl
Item type English Books
Source of classification or shelving scheme Dewey Decimal Classification
Classification part 300.15195
Call number suffix SOC
Holdings
Withdrawn status Lost status Not for loan Collection code Home library Current library Date acquired Source of acquisition Cost, normal purchase price Full call number Barcode Copy number Cost, replacement price Koha item type
      Non-fiction Mobile Library Mobile Library 27/12/2021 DBAD/PUB 1195.00 300.15195 SOC EN-114212 1 1195.00 English Books

© Delhi Public Library
Hit Counter
free hit counter